Chiesa e comunità politica
Gorde:
| Egile nagusia: | |
|---|---|
| Formatua: | Liburua |
| Hizkuntza: | italiera |
| Argitaratua: |
Milán
A. Giuffrè
1983
|
| Gaiak: | |
| Etiketak: |
Etiketa erantsi
Etiketarik gabe, Izan zaitez lehena erregistro honi etiketa jartzen!
|
MARC
| LEADER | 00000nam a2200000 a 4500 | ||
|---|---|---|---|
| 001 | UCT7969 | ||
| 003 | CL-VaPUC | ||
| 008 | 970317e19830000IT |||||||||||||||||ita|d | ||
| 082 | 0 | 4 | |a 261.7 |b SAR |2 21 |
| 100 | 0 | |a Saraceni, Guido |e author |9 379358 | |
| 245 | 1 | 0 | |a Chiesa e comunità politica |
| 300 | |a 295 p | ||
| 942 | |c BK | ||
| 945 | |d 19970317 00:00:00 |a paguirre | ||
| 260 | |a Milán |b A. Giuffrè |c 1983 | ||
| 650 | 0 | |a Iglesia y Estado |9 254995 | |
| 650 | 0 | |a Política |9 255312 | |
| 650 | 0 | |a Iglesia Católica |9 256114 | |
| 650 | 7 | |a SISTEMAS POLITICOS |2 CL-VaPUC |9 379359 | |
| 650 | 0 | |a Democracia |9 255256 | |
| 583 | |a last modification |c 19970317 00:00:00 |k Rodrigo Vera | ||
| 999 | |c 256513 |d 256511 | ||
| 952 | |0 0 |1 0 |4 0 |6 261_700000000000000_SAR_1983 |7 0 |8 A |9 279292 |a BIBDER |b BIBDER |d 2019-11-19 |i 1811290 |o 261.7 SAR 1983 |p 1811290 |r 2023-01-25 |w 2019-11-19 |y BK |k DER | ||